000 00945cab a2200277 4500
001 WB3442-22
008 090401t1998 xxu||||| |||| 00| 0 eng d
035 _a(Sirsi) u89533
041 _aeng
245 _aSellers to house survey costs
260 _c1998
350 _a0
490 _aTimes
_v5 November 1998, 1
490 _aFinancial Times
_v6 November 1998, 12
490 _aIndependent
_v6 November 1998, 4
490 _aBirmingham Post
_v6 November 1998, 13(4)
520 _aA Green Paper to be published before the Queens Speech will propose that house sellers provide and pay for structural surveys and legal expenses in order to reduce gazumping. Comments by the National Association of Estate Agents and the RICS.
650 _aGAZUMPING
650 _aHOUSE PURCHASE
650 _aLEGAL COSTS
650 _aSTRUCTURAL SURVEYS
650 _aVENDOR SURVEYS
690 _aHOUSING
942 _n0
948 _c05/11/1998
999 _c56660
_d56660